000 00976namaa22002771i 4500
003 EG-GICUC
005 20251127100229.0
008 251127s2000 sy ||||jr|||| 000 0 ara d
040 _aEG-GiCUC
_bara
_cEG-GiCUC
_dEG-GiCUC
_erda
082 0 4 _221
_a378.17
_bY127
092 0 4 _221
_a378.17
_bY127
099 _a378.17 Y127
100 1 _aاليافى، نعيم
_eمؤلف.
245 1 0 _aمفهوم الجامعة /
_cالدكتور نعيم اليافى
250 _aالطبعة الاولى
264 _aدمشق (سوريا) :
_bالاوائل للطباعة والنشر والتوزيع،
_c2000.
300 _a76 صفحة ؛
_c20 سم
336 _2rdacontent
_atext
337 _2rdamedia
_aUnmediated
338 _2rdacarrier
_avolume
541 _aد. جابر عصفور ؛
_bالقاهرة ؛
_cإهداء ؛
_d2024.
650 1 7 _aالتعليم الجامعى
_xطرق التدريس
_2qrmak
651 1 _2qrmak
905 _aNermeen
942 _2ddc
_cBK
_e21
_n0
999 _c176262
_d176262